MARC details
| 000 -LEADER |
| fixed length control field |
01225nam a2200241 4500 |
| 003 - CONTROL NUMBER IDENTIFIER |
| control field |
SEM |
| 005 - DATE AND TIME OF LATEST TRANSACTION |
| control field |
20241205171850.0 |
| 008 - FIXED-LENGTH DATA ELEMENTS--GENERAL INFORMATION |
| fixed length control field |
241004s1989 ru ||||gr||||||01|||ger|d |
| 020 ## - INTERNATIONAL STANDARD BOOK NUMBER |
| International Standard Book Number |
5-200-00683-X |
| 040 ## - CATALOGING SOURCE |
| Original cataloging agency |
SEM |
| Transcribing agency |
SEM |
| 041 ## - LANGUAGE CODE |
| Language code of text/sound track or separate title |
germ |
| -- |
rus |
| 080 ## - UNIVERSAL DECIMAL CLASSIFICATION NUMBER |
| Universal Decimal Classification number |
803.0-3=82/L-79 |
| 100 ## - MAIN ENTRY--PERSONAL NAME |
| Personal name |
Lipschiz O. D. |
| Fuller form of name |
(Липшиц Ольга Давыдовна ) |
| 245 ## - TITLE STATEMENT |
| Title |
Deutsch-Russisches taschen-Wörterbuch. |
| Remainder of title |
9000 Stichwörter / |
| Statement of responsibility, etc. |
O. D. Lipschiz |
| 246 ## - VARYING FORM OF TITLE |
| Title proper/short title |
Карманный немецко-русский словарь. |
| Remainder of title |
9000 слов. / |
| 250 ## - EDITION STATEMENT |
| Edition statement |
22 unveranderte, |
| Remainder of edition statement |
auflage |
| 260 ## - PUBLICATION, DISTRIBUTION, ETC. |
| Place of publication, distribution, etc. |
Moskau-Leipzig : |
| Name of publisher, distributor, etc. |
«Russki jasyk», |
| Date of publication, distribution, etc. |
1989. |
| 300 ## - PHYSICAL DESCRIPTION |
| Extent |
319 p. ; |
| Dimensions |
13 sm |
| 500 ## - GENERAL NOTE |
| General note |
Словарь содержит 9 тыс. наиболее употребительных слов, необходимых в быту, во время путешествий, при посещении культурных, научных учреждений, общественных организаций.<br/>Предназначается для туристов, а также для лиц, изучающих немецкий язык. |
| 650 ## - SUBJECT ADDED ENTRY--TOPICAL TERM |
| Topical term or geographic name entry element |
Deutsch-Russisches Wörterbuch |
| 653 ## - INDEX TERM--UNCONTROLLED |
| Uncontrolled term |
ՍԷՄ |
| 942 ## - ADDED ENTRY ELEMENTS (KOHA) |
| Source of classification or shelving scheme |
Universal Decimal Classification |
| Koha item type |
Գրքեր/Books |